000 00641nam a2200217 u 4500
005 20240806063825.0
008 180927s2013 es r 000 0 spa d
020 _a9788494117343
035 _aUPN01000226917
049 _aCG
050 4 _aPL856 I8.5
_bB7.2
100 1 _aMiyabe, Miyuki,
_d1960-
_942153
245 1 0 _aBrave story :
_bla torre del destino /
_cMiyuki Miyabe ; tr. Eva González Rosales.
260 _aMadrid :
_bQuaterni,
_c2013.
300 _axiv, 373 p.
650 4 _aLITERATURA JAPONESA
_910009
650 4 _aLiteratura juvenil
_95153
650 0 _aHistorias de aventuras
_94131
905 _aLibro
999 _c199013
_d199013